000 00440nam a22001697a 4500
999 _c3743
_d3743
003 OSt
005 20181122130139.0
008 181122b ||||| |||| 00| 0 eng d
040 _cDLC
082 _a228
_bC418I
100 _aCerullo, Morris
245 _aIsrael : The Storm Before The Calm /
_cBy Morris Cerullo.
260 _aUSA :
_bMorris Cerullo World Evangelism,
300 _a28 p.:
650 _aVoices For Christ
942 _2ddc
_cBK